| 000 | 00802nam a22002417a 4500 | ||
|---|---|---|---|
| 003 | 0 | ||
| 005 | 20260116103723.0 | ||
| 008 | 260116b xxu||||| |||| 00| 0 eng d | ||
| 020 | _a978-1-5235-2343-6 | ||
| 050 |
_aM 332.024 _bM478 2024 |
||
| 082 |
_aM 332.024 _bM478 2024 |
||
| 100 | _aMcKenna, James | ||
| 245 |
_aHow to turn $100 into $1,000,000 _cJames McKenna and Jeannine Glista with Matt Fontaine |
||
| 250 | _aNewly Minted 2nd edition | ||
| 260 |
_aNew York, NY : _bWorkman Kids, _c2024. |
||
| 300 |
_aix, 147 pages : _bcolored illustrations ; _c23 cm. |
||
| 650 |
_aFinance, Personal _vJuvenile literature. |
||
| 650 |
_aMoney _vJuvenile literature. |
||
| 650 |
_aSaving and investment _vJuvenile literature. |
||
| 700 | _aGlista, Jeannine | ||
| 700 | _aFontaine, Matt | ||
| 942 |
_2ddc _cBK |
||
| 999 |
_c368713 _d368713 |
||